Miasto czy wieś? - Statystyki

Ogólne statystyki
  • Ten quiz został rozwiązany 57 razy
  • Średni wynik to 12 z 15
Statystyki odpowiedzi
Zagadnienie Odpowiedź % Poprawnych
Gdzie łatwiej o szybki internet? Miasto
100%
Gdzie jest więcej zieleni na mieszkańca? Wieś
100%
Gdzie jest większe poczucie wspólnoty? Wieś
100%
Gdzie trudniej o dostęp do lekarza specjalisty? Wieś
100%
Gdzie ludzie spędzają więcej czasu na świeżym powietrzu? Wieś
100%
Gdzie częściej występuje zanieczyszczenie powietrza? Miasto
94%
Gdzie jest wyższy poziom przestępczości? Miasto
94%
Gdzie ludzie są bardziej zestresowani? Miasto
94%
Gdzie więcej ludzi mieszka w domach jednorodzinnych? Wieś
94%
Gdzie jest większy odsetek osób z wyższym wykształceniem? Miasto
88%
Gdzie mieszka więcej ludzi w wieku produkcyjnym? Miasto
88%
Gdzie żywność jest tańsza? Wieś
75%
Gdzie więcej osób posiada własny samochód? Wieś
38%
Gdzie ludzie żyją dłużej? Miasto
13%
Gdzie jest więcej szkół podstawowych na mieszkańca? Wieś
13%
Nie znaleziono quizów pasujących do podanych kryteriów
Rozkład punktacji
Procent ludzi z każdym wynikiem
Percentyl według liczby udzielonych odpowiedzi
Twoja historia wyników
Nie rozwiązałeś tego quizu